000 00893nam a2200205 i 4500
001 146493
003 ES-MaACL
005 20230906201544.0
007 t|
008 070911s1964 sp ||||1| spa d
245 0 3 _aLa planificación jurídica de la construcción /
_cpor José Manuel Coloma Escrivá de Romaní ... [et al.].
260 _aMadrid :
_bInstituto Nacional de Estudios Jurídicos :
_bColegio Oficial de Arquitectos de Madrid,
_c[1964]
300 _aXIV, 808 p. ;
_c25 cm.
490 1 _aTratado práctico del derecho referente a la construcción y a la arquitectura ;
_v1
650 4 _aConstrucción-
_xDerecho-
_zEspaña.
_9161574
700 1 _aColoma Escrivá de Romaní, José Manuel.
_9161575
830 0 _aTratado práctico del derecho referente a la construcción y a la arquitectura ;
_v1
_9220843
852 _aES-MaACL
_jP-313-Bis
_bR.55324
999 _c146493
_d146493